Normal view
MARC view
- Walter, C. D
Entry Personal Name
001 - CONTROL NUMBER
- control field: 36548
003 - CONTROL NUMBER IDENTIFIER
- control field: NUST
005 - DATE AND TIME OF LATEST TRANSACTION
- control field: 20210314130037.0
008 - FIXED-LENGTH DATA ELEMENTS
- fixed length control field: 210314|| aca||aabn | a|a d
040 ## - CATALOGING SOURCE
- Original cataloging agency: NUST
- Transcribing agency: NUST
100 ## - HEADING--PERSONAL NAME
- Personal name: Walter, C. D
670 ## - SOURCE DATA FOUND
- Source citation: Work cat.: (NUST): Dowsing, Roy. 36545, Computers from logic to architecture , 1990.
